Thiết kế mẫu xử lý và chỉnh sửa ảnh với Photoshop 7.0

Đã lưu trong:
Bibliografiske detaljer
Hovedforfatter: Quang Hân
Format: Bog
Sprog:Undetermined
Udgivet: Hà Nội Thống kê 2003
Fag:
Tags: Tilføj Tag
Ingen Tags, Vær først til at tagge denne postø!
Thư viện lưu trữ: Trung tâm Học liệu Trường Đại học Cần Thơ
LEADER 00650nam a2200205Ia 4500
001 CTU_60502
008 210402s9999 xx 000 0 und d
020 |c 45000 
082 |a 770.285 
082 |b Qu106 
100 |a Quang Hân 
245 0 |a Thiết kế mẫu xử lý và chỉnh sửa ảnh với Photoshop 7.0 
245 0 |c Quang Hân, Phương Hoa, Quang Huy 
260 |a Hà Nội 
260 |b Thống kê 
260 |c 2003 
650 |a Photographs,Photoshop ( computer programs ) 
650 |x Conservation and restoration 
904 |i Minh,Hải 
980 |a Trung tâm Học liệu Trường Đại học Cần Thơ